000
00328nam a2200145Ia 4500
008
230711s9999||||xx |||||||||||||| ||und||
041
_a
ENG
082
_a
621
_b
CS-Y
100
_a
CSR
245
0
_a
CSR year book 1995
250
_a
1st
260
_c
1992
_a
New Delhi
_b
Pardeep's Publication
650
_a
Literature
942
_c
BK
999
_c
2909
_d
2909